000 00350nam a2200133Ia 4500
008 240624s9999 xx 000 0 und d
041 _aeng
082 _a647.94 BAL
100 _aBALI PARVINDER S
245 _aINTERNATIONAL CUISINE AND FOOD PRODUCTIO
260 _c2012
_aNew Delhi
_bOxford
300 _axv, : 527 : p. : cm. ; 26
365 _cRS
_b31
999 _c25002
_d25002